| 000 | 01386nam a2200325Ia 4500 | ||
|---|---|---|---|
| 008 | 240327s2024 sp 000 0 spa d | ||
| 041 | _aspa | ||
| 100 | 1 |
_92190 _aLOPEZ MARTINEZ, Vicente |
|
| 245 | 1 | 3 |
_aSociedad, derechos y extrema derecha _b: el auge de los partidos de ultraderecha es un hecho incontestable _c/ Vicente López ; ilustraciones, Guillermo Casanova |
| 260 |
_a[Madrid] : _bFundación 1º de Mayo : ISTAS, Instituto Sindical de Trabajo, Ambiente y Salud, _c2024 |
||
| 300 |
_a[3] p. ; _c30 cm |
||
| 500 | _aEn: PorExperiencia : Revista de Salud Laboral de ISTAS-CCOO, Anuario (2023), págs. 38-40 | ||
| 500 | _aVicente López es director-gerente de la Fundación 1º de Mayo; ilustraciones, Guillermo Casanova | ||
| 650 | 0 |
_aIDEOLOGIA POLITICA _91711 |
|
| 650 | 0 |
_aDEMOCRACIA _9387 |
|
| 650 | 0 |
_aVIOLENCIA _92442 |
|
| 650 | 0 |
_aDERECHOS HUMANOS _92569 |
|
| 650 | 0 |
_aIGUALDAD DE GENERO _95513 |
|
| 650 | 0 |
_aIGUALDAD DE DERECHOS _91832 |
|
| 650 | 0 |
_aGLOBALIZACION ECONOMICA _95433 |
|
| 650 | 0 |
_aCAMBIO CLIMATICO _914743 |
|
| 650 | 0 |
_aDIGITALIZACION _934326 |
|
| 650 | 0 |
_aEMPLEO PRECARIO _9419 |
|
| 700 | 1 |
_938795 _aCASANOVA, Guillermo _eil. |
|
| 710 |
_aISTAS _cEspaña _916845 |
||
| 710 |
_aFUNDACION 1º DE MAYO _cMadrid _9329 |
||
| 856 |
_zPDF _uhttps://docpublicos.ccoo.es/cendoc/067742SocieddDerecha.pdf |
||
| 907 | _aPolítica | ||
| 942 |
_cDOCU_ELEC _2ddc _n0 |
||
| 999 |
_c59258 _d59258 |
||